Vishnu chankaya our ravan mil gaya (Record no. 3870)

MARC details
000 -LEADER
fixed length control field 00431nam a22001817a 4500
003 - CONTROL NUMBER IDENTIFIER
control field OSt
005 - DATE AND TIME OF LATEST TRANSACTION
control field 20251003152844.0
008 - FIXED-LENGTH DATA ELEMENTS--GENERAL INFORMATION
fixed length control field 251003b |||||||| |||| 00| 0 eng d
020 ## - INTERNATIONAL STANDARD BOOK NUMBER
International Standard Book Number 9789383370314
082 ## - DEWEY DECIMAL CLASSIFICATION NUMBER
Classification number 891.432
Item number RAHV
100 ## - MAIN ENTRY--PERSONAL NAME
Personal name Rahi, Ashok
245 ## - TITLE STATEMENT
Title Vishnu chankaya our ravan mil gaya
260 ## - PUBLICATION, DISTRIBUTION, ETC.
Place of publication, distribution, etc. Jaipur
Name of publisher, distributor, etc. Lokayat prakashan
300 ## - PHYSICAL DESCRIPTION
Extent 80p.
546 ## - LANGUAGE NOTE
Language note Hindi
651 ## - SUBJECT ADDED ENTRY--GEOGRAPHIC NAME
Geographic name Hindi Drama
942 ## - ADDED ENTRY ELEMENTS (KOHA)
Source of classification or shelving scheme Dewey Decimal Classification
Koha item type Book
Holdings
Withdrawn status Lost status Source of classification or shelving scheme Damaged status Not for loan Collection code Home library Current library Shelving location Date acquired Source of acquisition Cost, normal purchase price Total Checkouts Full call number Barcode Date last seen Date last checked out Price effective from Koha item type
    Dewey Decimal Classification     Fiction RIC Library RIC Library General Stacks 10/03/2025 Gifted by Ashok rahi 160.00 1 891.432 RAHV 003150 01/15/2026 12/30/2025 10/03/2025 Book

Venue

Rajasthan International Centre
Sansthan Path,JLN Marg, Jaipur- 302017
Phone: +91-7230904025